000
00377nam a2200133Ia 4500
008
151001s9999||||xx |||||||||||||| ||und||
100
_a
भीमराव कुलकर्णी
245
_a
साहित्यीकी
250
_a
1
260
_b
चिरायु प्रकाशन पुणे
260
_c
1987
300
_a
144
365
_b
21
999
_c
966656
_d
966653